[Event "Titled Tuesday intern op 1st May"]
[Site "Chess.com INT"]
[Date "2018.05.01"]
[Round "9"]
[White "Andriasian, Zaven"]
[Black "Moran Nuque, Augusto"]
[Result "1-0"]
[WhiteElo "2586"]
[BlackElo "2386"]
[PlyCount "115"]
[EventDate "2018.05.01"]
[EventType "swiss (blitz)"]
[EventRounds "10"]
[EventCountry "USA"]
[SourceTitle "EXT 2021"]
[Source "ChessBase"]
[SourceDate "2020.10.23"]
[SourceVersion "1"]
[SourceVersionDate "2020.10.23"]
[SourceQuality "1"]

1. e4 d6 2. d4 Nf6 3. Nc3 c6 4. f4 d5 5. e5 Ng8 6. Bd3 g6 7. Nf3 Bg4 8. h3 Bxf3 9. Qxf3 e6 10. Ne2 h5 11. g3 c5 12. c3 Nc6 13. a3 Qb6 14. dxc5 Bxc5 15. b4 Be7 16. Be3 Qc7 17. Rc1 a6 18. c4 dxc4 19. Rxc4 Rd8 20. Be4 Rc8 21. Kf2 Nh6 22. Rhc1 0-0 23. g4 Bh4+ 24. Kg2 Kh7 25. gxh5 Nf5 26. hxg6+ fxg6 27. Bxf5 exf5 28. Nd4 Qf7 29. Nxc6 bxc6 30. Rxc6 Rxc6 31. Qxc6 Rd8 32. e6 Qf6 33. Kf3 Rd3 34. Qb7+ Kh6 35. Rc7 Rxe3+ 36. Kxe3 Qxe6+ 37. Kd3 Qb3+ 38. Rc3 Qd1+ 39. Kc4 Qe2+ 40. Kc5 Bf2+ 41. Kc6 Bd4 42. Rc5 Qe4+ 43. Kb6 Qxf4 44. Qd5 Qe3 45. Kb7 Bxc5 46. bxc5 Qxa3 47. c6 Qb4+ 48. Ka7 Qe7+ 49. Qd7 Qc5+ 50. Ka8 Qb5 51. Qb7 Qe2 52. c7 a5 53. c8Q a4 54. Qh8+ Kg5 55. h4+ Kf4 56. Qd4+ Kg3 57. Qg1+ Kf4 58. Qg5+ 1-0

[Event "Titled Tuesday intern op 1st May"]
[Site "Chess.com INT"]
[Date "2018.05.01"]
[Round "6"]
[White "Gogolev, Artem"]
[Black "Moran Nuque, Augusto"]
[Result "1/2-1/2"]
[WhiteElo "2407"]
[BlackElo "2386"]
[PlyCount "191"]
[EventDate "2018.05.01"]
[EventType "swiss (blitz)"]
[EventRounds "10"]
[EventCountry "USA"]
[SourceTitle "EXT 2021"]
[Source "ChessBase"]
[SourceDate "2020.10.23"]
[SourceVersion "1"]
[SourceVersionDate "2020.10.23"]
[SourceQuality "1"]

1. Nf3 d6 2. d4 Bg4 3. g3 Nd7 4. Bg2 e5 5. 0-0 Ngf6 6. Nc3 c6 7. h3 Bh5 8. dxe5 dxe5 9. g4 Bg6 10. Nh4 Be7 11. Nxg6 hxg6 12. Be3 Nc5 13. Qxd8+ Rxd8 14. Rfd1 a5 15. Rxd8+ Kxd8 16. Rd1+ Kc8 17. a3 Rd8 18. Rxd8+ Kxd8 19. f3 Nfd7 20. Kf2 f5 21. f4 e4 22. g5 Ne6 23. Bd2 Bc5+ 24. e3 Nxf4 25. Na4 Nxg2 26. Bxa5+ Ke8 27. Nxc5 Nxc5 28. Kxg2 Ne6 29. h4 b5 30. b3 Kd7 31. a4 bxa4 32. bxa4 Nc5 33. Bc3 Nxa4 34. Bxg7 Nb6 35. Bd4 Nd5 36. c4 Nb4 37. Kg3 Nd3 38. c5 Ke6 39. h5 gxh5 40. g6 Nb4 41. Kh4 Nd5 42. Kxh5 f4 43. exf4 e3 44. Kh6 e2 45. Bf2 Kf6 46. Kh7 Ne7 47. Bh4+ Kf5 48. g7 Kxf4 49. Bxe7 e1Q 50. Bg5+ Kf5 51. g8Q Qh1+ 52. Bh6 Qh5 53. Qc8+ Ke4 54. Qxc6+ Kd4 55. Qd6+ Kc4 56. Kg7 Qxc5 57. Qa6+ Qb5 58. Qa2+ Qb3 59. Qf2 Qb7+ 60. Kg6 Qe4+ 61. Kh5 Qd5+ 62. Bg5 Qd1+ 63. Kg6 Qd3+ 64. Kf7 Qd7+ 65. Be7 Qd5+ 66. Kf8 Qa8+ 67. Kg7 Qe4 68. Qb6 Qg4+ 69. Kf7 Qf5+ 70. Bf6 Qd5+ 71. Ke8 Qa8+ 72. Bd8 Qe4+ 73. Be7 Qa8+ 74. Kd7 Qd5+ 75. Bd6 Qf7+ 76. Kc8 Qe8+ 77. Kb7 Qe4+ 78. Ka7 Qh7+ 79. Ka6 Qe4 80. Qb4+ Kd3 81. Qb3+ Ke2 82. Bc5 Qa8+ 83. Kb5 Qb7+ 84. Bb6 Qd7+ 85. Ka5 Qd2+ 86. Ka4 Qd3 87. Qe6+ Kd1 88. Bc5 Qc2+ 89. Ka3 Qxc5+ 90. Kb3 Qb5+ 91. Kc3 Qc5+ 92. Kd3 Qc2+ 93. Kd4 Qd2+ 94. Ke5 Qe2+ 95. Kd6 Qxe6+ 96. Kxe6 1/2-1/2

[Event "Titled Tuesday intern op 1st May"]
[Site "Chess.com INT"]
[Date "2018.05.01"]
[Round "5"]
[White "Nihal, Sarin"]
[Black "Moran Nuque, Augusto"]
[Result "0-1"]
[WhiteElo "2551"]
[BlackElo "2386"]
[PlyCount "128"]
[EventDate "2018.05.01"]
[EventType "swiss (blitz)"]
[EventRounds "10"]
[EventCountry "USA"]
[SourceTitle "EXT 2021"]
[Source "ChessBase"]
[SourceDate "2020.10.23"]
[SourceVersion "1"]
[SourceVersionDate "2020.10.23"]
[SourceQuality "1"]

1. e4 d6 2. d4 Nf6 3. Nc3 c6 4. Be3 Qb6 5. a3 Ng4 6. Bc1 e5 7. Nf3 Nd7 8. h3 Ngf6 9. Be3 Qc7 10. Bc4 Be7 11. 0-0 0-0 12. Bb3 exd4 13. Bxd4 Ne5 14. Qe2 Be6 15. Bxe5 dxe5 16. Bxe6 fxe6 17. Qc4 Nh5 18. Qxe6+ Kh8 19. Nxe5 Bf6 20. Nd3 Bxc3 21. bxc3 Rae8 22. Qc4 Nf6 23. Rae1 Qe7 24. Qb4 Qf7 25. f3 Nh5 26. Rd1 b6 27. Qd4 Qg6 28. Rd2 h6 29. Qd7 c5 30. c4 Qg5 31. f4 Qg6 32. e5 Ng3 33. Rf3 Nf5 34. Rff2 Re7 35. Qd5 Nd4 36. Qd6 Qe8 37. Qd5 Nf5 38. Qe4 Qf7 39. e6 Rxe6 40. Ne5 Qf6 41. c3 Rfe8 42. Qd3 Kg8 43. Qd5 Ne7 44. Qe4 Nc6 45. Rde2 Nxe5 46. fxe5 Qxe5 47. Qf3 Qxe2 48. Rxe2 Rxe2 49. Qb7 R2e7 50. Qd5+ Kh8 51. Kh2 Rc7 52. a4 Ree7 53. g4 Rcd7 54. Qa8+ Kh7 55. Qc6 g6 56. Kg3 Re3+ 57. Kf4 Rde7 58. h4 R7e4+ 59. Qxe4 Rxe4+ 60. Kxe4 Kg7 61. Ke5 Kf7 62. g5 hxg5 63. hxg5 Ke7 64. Kd5 Kd7 0-1

[Event "Bridgetown Heroes Day"]
[Site "Bridgetown"]
[Date "2011.05.02"]
[Round "8"]
[White "Moran Nuque, Augusto"]
[Black "Zapata, Alonso"]
[Result "1/2-1/2"]
[WhiteElo "2394"]
[BlackElo "2477"]
[PlyCount "66"]
[EventDate "2011.04.28"]
[EventType "tourn"]
[EventRounds "9"]
[EventCountry "BAR"]
[EventCategory "3"]
[SourceTitle "CBM 142 Extra"]
[Source "ChessBase"]
[SourceDate "2011.06.27"]
[SourceVersion "1"]
[SourceVersionDate "2011.06.27"]
[SourceQuality "1"]

1. c4 g6 2. g3 Bg7 3. Bg2 e5 4. Nc3 Nc6 5. e4 d6 6. Nge2 h5 7. h4 Nh6 8. d3 0-0 9. 0-0 a5 10. f3 Kh7 11. Nd5 Be6 12. Bg5 f6 13. Be3 f5 14. Bg5 Qd7 15. Qd2 Rf7 16. Rf2 Raf8 17. Raf1 b6 18. b3 fxe4 19. dxe4 Bh3 20. Be3 Bxg2 21. Kxg2 Nd8 22. Ng1 Ne6 23. Nh3 Ng8 24. Ng5+ Nxg5 25. hxg5 Ne7 26. Nxe7 Qxe7 27. a4 Qd7 28. Qd5 c6 29. Qd3 Rb8 30. Rd1 Bf8 31. Qf1 Kg8 32. Qh1 b5 33. axb5 cxb5 1/2-1/2

[Event "Bridgetown Heroes Day-A"]
[Site "Bridgetown"]
[Date "2009.05.02"]
[Round "8"]
[White "Uribe, Mauricio"]
[Black "Moran Nuque, Augusto"]
[Result "1/2-1/2"]
[WhiteElo "2416"]
[BlackElo "2393"]
[PlyCount "40"]
[EventDate "2009.04.27"]
[EventType "swiss"]
[EventRounds "9"]
[EventCountry "BAR"]
[SourceTitle "CBM 130 Extra"]
[Source "ChessBase"]
[SourceDate "2009.07.02"]
[SourceVersion "2"]
[SourceVersionDate "2009.07.15"]
[SourceQuality "1"]

1. e4 d6 2. d4 Nf6 3. Nc3 c6 4. Be3 e5 5. dxe5 dxe5 6. Qxd8+ Kxd8 7. 0-0-0+ Ke8 8. f3 Be6 9. g3 Nbd7 10. Bh3 Bxh3 11. Nxh3 Bc5 12. Bxc5 Nxc5 13. Nf2 a5 14. Nd3 Nxd3+ 15. Rxd3 Ke7 16. Rhd1 Rhd8 17. Rxd8 Rxd8 18. Rxd8 Kxd8 19. Kd2 Ke7 20. Ke3 b5 1/2-1/2

[Event "Bridgetown Heroes Day-A"]
[Site "Bridgetown"]
[Date "2009.04.28"]
[Round "2"]
[White "Moran Nuque, Augusto"]
[Black "Buhmann, Rainer"]
[Result "1/2-1/2"]
[WhiteElo "2393"]
[BlackElo "2582"]
[PlyCount "41"]
[EventDate "2009.04.27"]
[EventType "swiss"]
[EventRounds "9"]
[EventCountry "BAR"]
[SourceTitle "CBM 130 Extra"]
[Source "ChessBase"]
[SourceDate "2009.07.02"]
[SourceVersion "2"]
[SourceVersionDate "2009.07.15"]
[SourceQuality "1"]

1. d4 d5 2. Bg5 c6 3. Nf3 Qb6 4. b3 Bg4 5. e3 Nd7 6. Be2 e6 7. 0-0 Ngf6 8. c4 Be7 9. Nfd2 Bf5 10. a3 h6 11. Bh4 0-0 12. Nc3 Rfe8 13. b4 a6 14. Nb3 dxc4 15. Bxc4 Rad8 16. Nc5 Bg6 17. Qb3 Qc7 18. Bg3 Qc8 19. h3 Nb6 20. Be2 Nbd5 21. Bf3 1/2-1/2

[Event "Internet Section 09A g/8'+2\""]
[Site "Dos Hermanas"]
[Date "2004.03.09"]
[Round "3"]
[White "Vallejo Diaz, Jesus"]
[Black "Moran Nuque, Augusto"]
[Result "1-0"]
[WhiteElo "2212"]
[BlackElo "2381"]
[PlyCount "89"]
[EventDate "2004.03.09"]
[EventType "swiss (blitz)"]
[EventRounds "9"]
[EventCountry "ESP"]
[SourceTitle "CBM 099 Extra"]
[Source "ChessBase"]
[SourceDate "2004.05.04"]
[SourceVersion "1"]
[SourceVersionDate "2004.05.04"]
[SourceQuality "1"]

1. e4 e6 2. d3 c5 3. Nf3 g6 4. g3 Bg7 5. Bg2 Nc6 6. c3 Nge7 7. 0-0 h6 8. d4 cxd4 9. cxd4 d5 10. e5 0-0 11. Nc3 b6 12. Re1 a6 13. h4 Ra7 14. Bf4 Nf5 15. Qd2 Kh7 16. Rac1 Bd7 17. Bf1 b5 18. a4 Qb6 19. axb5 Ncxd4 20. Nxd4 Nxd4 21. Qe3 Rb8 22. Na4 Qa5 23. Qxd4 axb5 24. Nc5 Be8 25. b4 Qb6 26. Ra1 Rba8 27. Rxa7 Qxa7 28. Nb3 Qd7 29. Qb6 Bf8 30. Nc5 Qc8 31. Rc1 Rb8 32. Qa6 Qd8 33. Nb7 Qd7 34. Nd6 Qe7 35. Qa5 g5 36. hxg5 hxg5 37. Rc7 Qd8 38. Nxe8 Qxe8 39. Bxg5 Ra8 40. Qb6 Rb8 41. Qd4 Bg7 42. Qh4+ Kg8 43. Bf6 Bxf6 44. exf6 Qd8 45. Qg5+ 1-0

[Event "Internet Section 08B g/8'+2\""]
[Site "Dos Hermanas"]
[Date "2004.03.08"]
[Round "4"]
[White "Moran Nuque, Augusto"]
[Black "Fernandez, Daniel"]
[Result "1/2-1/2"]
[WhiteElo "2381"]
[BlackElo "2308"]
[PlyCount "179"]
[EventDate "2004.03.08"]
[EventType "swiss (blitz)"]
[EventRounds "9"]
[EventCountry "ESP"]
[SourceTitle "CBM 099 Extra"]
[Source "ChessBase"]
[SourceDate "2004.05.04"]
[SourceVersion "1"]
[SourceVersionDate "2004.05.04"]
[SourceQuality "1"]

1. d4 d5 2. Nf3 Nf6 3. Bg5 Ne4 4. Bf4 c5 5. c3 Nc6 6. e3 Qb6 7. Qc1 Bf5 8. Nbd2 e6 9. Nh4 Nxd2 10. Qxd2 Be4 11. f3 Bg6 12. Be2 Rc8 13. Bg3 Be7 14. Bf2 cxd4 15. exd4 0-0 16. Nxg6 hxg6 17. 0-0 Na5 18. Rab1 Nc4 19. Qf4 Bd6 20. Qc1 Bb8 21. g3 a5 22. b3 Nd6 23. c4 Nf5 24. c5 Qd8 25. Qd2 Qf6 26. f4 Bc7 27. a3 b6 28. b4 Qe7 29. Bd3 Qf6 30. Ba6 Ra8 31. b5 Qe7 32. Rfc1 Rab8 33. a4 f6 34. Re1 Rfe8 35. Re2 g5 36. fxg5 fxg5 37. Rbe1 Qf6 38. Qd3 Nh6 39. Kg2 Rf8 40. Bg1 Rfe8 41. Rf1 Nf5 42. Qf3 Qh6 43. Qg4 g6 44. Be3 Qh5 45. h3 Nxg3 46. cxb6 Rxb6 47. Rc1 Nxe2 48. Rxc7 Qxg4+ 49. hxg4 Nf4+ 50. Kg3 Rf8 51. Rc6 Ne2+ 52. Kg2 Rxc6 53. bxc6 Nc3 54. c7 Nxa4 55. c8Q Rxc8 56. Bxc8 Kf7 57. Kf3 Nb6 58. Ba6 a4 59. Bc1 Kf6 60. Bb2 Nc4 61. Bxc4 dxc4 62. Ke4 Ke7 63. Ke5 Kf7 64. Kd6 a3 65. Bc3 a2 66. Kc5 Ke7 67. Kxc4 Kd6 68. Ba1 Kc6 69. Kb3 Kd5 70. Kxa2 Ke4 71. Kb3 Kf4 72. Kc4 Kxg4 73. Kc5 Kf5 74. Bc3 g4 75. Be1 Ke4 76. Bh4 Ke3 77. Bg5+ Ke4 78. Bh4 Kf4 79. Kd6 Ke4 80. Bf2 Kf3 81. Bg1 Kg2 82. Kxe6 Kxg1 83. d5 g3 84. d6 g2 85. d7 Kf1 86. d8Q g1Q 87. Qd1+ Kg2 88. Qxg1+ Kxg1 89. Kf6 Kg2 90. Kxg6 1/2-1/2

[Event "Internet Section 08A g/8'+2\""]
[Site "Dos Hermanas"]
[Date "2004.03.08"]
[Round "2"]
[White "Silveirinha, Jose Antonio C"]
[Black "Moran Nuque, Augusto"]
[Result "0-1"]
[WhiteElo "2146"]
[BlackElo "2381"]
[PlyCount "56"]
[EventDate "2004.03.08"]
[EventType "swiss (blitz)"]
[EventRounds "9"]
[EventCountry "ESP"]
[SourceTitle "CBM 099 Extra"]
[Source "ChessBase"]
[SourceDate "2004.05.04"]
[SourceVersion "1"]
[SourceVersionDate "2004.05.04"]
[SourceQuality "1"]

1. d4 d6 2. Nf3 Bg4 3. h3 Bxf3 4. gxf3 d5 5. c4 c6 6. e4 e6 7. Nc3 Nf6 8. Bg5 Be7 9. Bxf6 Bxf6 10. Qb3 dxc4 11. Qxb7 Nd7 12. e5 Be7 13. Bxc4 0-0 14. b3 Rb8 15. Qxa7 Bb4 16. Rc1 Nb6 17. 0-0 Qxd4 18. Na4 Qxe5 19. Nxb6 Bc5 20. b4 Qg3+ 21. Kh1 Qxh3+ 22. Kg1 Qg3+ 23. Kh1 Qxf3+ 24. Kg1 Bxb6 25. Qe7 Qg3+ 26. Kh1 Bxf2 27. Rxf2 Qxf2 28. Qg5 Rxb4 0-1

[Event "Olympiad-34"]
[Site "Istanbul"]
[Date "2000.11.08"]
[Round "11.4"]
[White "Moran Nuque, Augusto"]
[Black "Kovacevic, Aleksandar"]
[Result "0-1"]
[WhiteElo "2392"]
[BlackElo "2513"]
[PlyCount "106"]
[EventDate "2000.10.28"]
[EventType "team-swiss"]
[EventRounds "14"]
[EventCountry "TUR"]
[SourceTitle "EXT 2001"]
[Source "ChessBase"]
[SourceDate "2000.11.22"]
[SourceVersion "1"]
[SourceVersionDate "2000.11.22"]
[SourceQuality "1"]
[WhiteTeam "Ecuador"]
[BlackTeam "Yugoslavia"]
[WhiteTeamCountry "ECU"]
[BlackTeamCountry "YUG"]

1. d4 Nf6 2. Nf3 g6 3. g3 c5 4. d5 d6 5. c4 e6 6. Nc3 exd5 7. cxd5 Bg7 8. Bg2 0-0 9. 0-0 a6 10. a4 Nbd7 11. h3 Rb8 12. a5 b5 13. axb6 Nxb6 14. e4 Ne8 15. Re1 Nc7 16. e5 Nc4 17. Bg5 f6 18. e6 Re8 19. Bc1 Bb7 20. Qd3 Nb6 21. Nd2 f5 22. Ndb1 Bd4 23. Ne2 Bxd5 24. Nxd4 cxd4 25. Qxd4 Bxg2 26. Bh6 Qe7 27. Kxg2 Nxe6 28. Qd3 Qb7+ 29. Kh2 Nd5 30. Qxa6 Qxb2 31. Nd2 g5 32. Qd3 Ndc7 33. Ra7 Qf6 34. Qc4 Kh8 35. Bxg5 Qxg5 36. Nf3 Qf6 37. Rxc7 Nxc7 38. Qxc7 Rbc8 39. Qd7 Red8 40. Qb7 Rb8 41. Qc7 Rbc8 42. Qb7 Rb8 43. Qa7 Re8 44. Qc7 Qb2 45. Rxe8+ Rxe8 46. Kg2 Qf6 47. h4 h6 48. Qc6 Rg8 49. Nd2 f4 50. Ne4 Qe6 51. Nxd6 fxg3 52. fxg3 Qe2+ 53. Kh1 Qe1+ 0-1

[Event "Olympiad-32"]
[Site "Yerevan"]
[Date "1996.09.26"]
[Round "10.2"]
[White "Moran Nuque, Augusto"]
[Black "McNab, Colin Anderson"]
[Result "1/2-1/2"]
[WhiteElo "2400"]
[BlackElo "2465"]
[PlyCount "31"]
[EventDate "1996.09.15"]
[EventType "team-swiss"]
[EventRounds "14"]
[EventCountry "ARM"]
[SourceTitle "CBM 055"]
[Source "ChessBase"]
[SourceDate "1996.12.01"]
[SourceVersion "1"]
[SourceVersionDate "1996.12.01"]
[SourceQuality "1"]
[WhiteTeam "Ecuador"]
[BlackTeam "Scotland"]
[WhiteTeamCountry "ECU"]
[BlackTeamCountry "SCO"]

1. d4 d6 2. c4 e5 3. dxe5 dxe5 4. Qxd8+ Kxd8 5. Nc3 Be6 6. b3 Nd7 7. g3 Bb4 8. Bd2 a5 9. Bh3 Bxh3 10. Nxh3 f6 11. f3 Nh6 12. e3 Nf7 13. Ke2 c6 14. Nf2 Kc7 15. Rad1 Rhd8 16. g4 1/2-1/2

[Event "Olympiad-32"]
[Site "Yerevan"]
[Date "1996.09.24"]
[Round "8.2"]
[White "Moran Nuque, Augusto"]
[Black "Nalbandian, Tigran"]
[Result "0-1"]
[WhiteElo "2400"]
[BlackElo "2490"]
[PlyCount "84"]
[EventDate "1996.09.15"]
[EventType "team-swiss"]
[EventRounds "14"]
[EventCountry "ARM"]
[SourceTitle "CBM 055"]
[Source "ChessBase"]
[SourceDate "1996.12.01"]
[SourceVersion "1"]
[SourceVersionDate "1996.12.01"]
[SourceQuality "1"]
[WhiteTeam "Ecuador"]
[BlackTeam "Armenia II"]
[WhiteTeamCountry "ECU"]
[BlackTeamCountry "ARM"]

1. d4 Nf6 2. c4 g6 3. Nc3 Bg7 4. Bg5 c5 5. d5 d6 6. e4 0-0 7. Qd2 b5 8. cxb5 a6 9. f3 Nbd7 10. Nh3 Nb6 11. Nf2 Nfd7 12. Rc1 Ne5 13. b3 f5 14. Be2 axb5 15. Nxb5 Ba6 16. 0-0 Qd7 17. a4 fxe4 18. fxe4 Rf7 19. h3 Raf8 20. Qa5 Bxb5 21. Bxb5 Qb7 22. Be3 Nbd7 23. Qd2 Nf6 24. b4 c4 25. Qe2 Nh5 26. Nh1 Nf4 27. Bxf4 Rxf4 28. Rxf4 Rxf4 29. g3 Rf8 30. Kg2 Qb6 31. Nf2 Qd4 32. Ng4 c3 33. Nxe5 Bxe5 34. Rc2 Qxb4 35. Qg4 Kg7 36. Qe2 Qb1 37. Qd3 Qa1 38. h4 h5 39. Bd7 Qe1 40. Bb5 Rf1 41. Qxf1 Qxe4+ 42. Kh3 Qg4+ 0-1

[Event "Olympiad-32"]
[Site "Yerevan"]
[Date "1996.09.23"]
[Round "7.2"]
[White "Urday Caceres, Henry"]
[Black "Moran Nuque, Augusto"]
[Result "1/2-1/2"]
[WhiteElo "2450"]
[BlackElo "2400"]
[PlyCount "43"]
[EventDate "1996.09.15"]
[EventType "team-swiss"]
[EventRounds "14"]
[EventCountry "ARM"]
[SourceTitle "CBM 055"]
[Source "ChessBase"]
[SourceDate "1996.12.01"]
[SourceVersion "1"]
[SourceVersionDate "1996.12.01"]
[SourceQuality "1"]
[WhiteTeam "Peru"]
[BlackTeam "Ecuador"]
[WhiteTeamCountry "PER"]
[BlackTeamCountry "ECU"]

1. d4 e6 2. c4 f5 3. g3 Nf6 4. Bg2 Bb4+ 5. Nd2 0-0 6. Ngf3 d6 7. 0-0 Bxd2 8. Qxd2 Qe7 9. b3 Nc6 10. Bb2 e5 11. dxe5 dxe5 12. Rad1 Re8 13. Nh4 e4 14. f3 e3 15. Qc2 f4 16. Nf5 Qf7 17. g4 Qg6 18. a3 Bxf5 19. gxf5 Qg5 20. Kh1 Re7 21. Rg1 Rf8 22. Bc3 1/2-1/2

[Event "Olympiad-32"]
[Site "Yerevan"]
[Date "1996.09.16"]
[Round "1.2"]
[White "Kurajica, Bojan"]
[Black "Moran Nuque, Augusto"]
[Result "1-0"]
[WhiteElo "2490"]
[BlackElo "2400"]
[PlyCount "45"]
[EventDate "1996.09.15"]
[EventType "team-swiss"]
[EventRounds "14"]
[EventCountry "ARM"]
[SourceTitle "CBM 055"]
[Source "ChessBase"]
[SourceDate "1996.12.01"]
[SourceVersion "1"]
[SourceVersionDate "1996.12.01"]
[SourceQuality "1"]
[WhiteTeam "Bosnia&Herzegovina"]
[BlackTeam "Ecuador"]
[WhiteTeamCountry "BIH"]
[BlackTeamCountry "ECU"]

1. d4 Nf6 2. Nf3 d6 3. g3 Bg4 4. Bg2 Nbd7 5. c4 e5 6. Nc3 c6 7. h3 Bxf3 8. Bxf3 Be7 9. 0-0 0-0 10. Bg2 Re8 11. e4 Bf8 12. Be3 g6 13. Qd2 Bg7 14. Rad1 Qc7 15. f4 exd4 16. Bxd4 Rad8 17. Qf2 h6 18. g4 Rf8 19. Qh4 Ne8 20. Bxg7 Nxg7 21. Qe7 Ne8 22. e5 dxe5 23. fxe5 1-0

[Event "Catalunya-chT"]
[Site "Catalunya"]
[Date "1996.??.??"]
[Round "?"]
[White "Fernandez Aguado, Enrique"]
[Black "Moran Nuque, Augusto"]
[Result "1/2-1/2"]
[WhiteElo "2385"]
[BlackElo "2405"]
[PlyCount "86"]
[EventDate "1996.??.??"]
[EventType "team"]
[EventRounds "9"]
[EventCountry "ESP"]
[SourceTitle "EXT 1999"]
[Source "ChessBase"]
[SourceDate "1998.11.16"]
[SourceVersion "1"]
[SourceVersionDate "1998.11.16"]
[SourceQuality "1"]

1. c4 e5 2. Nc3 Bb4 3. Nd5 Be7 4. d4 d6 5. Nf3 e4 6. Nd2 f5 7. e3 Nf6 8. Be2 0-0 9. b4 Nxd5 10. cxd5 Nd7 11. Qb3 Nf6 12. 0-0 Qe8 13. Nb1 Qg6 14. Bd2 h5 15. Rc1 Bd8 16. Nc3 h4 17. Bf1 Nh5 18. Ne2 Bd7 19. a4 Qf7 20. Nf4 Nxf4 21. exf4 c6 22. b5 cxd5 23. Bb4 Qe6 24. Qa3 Bf6 25. Bxd6 Bxd4 26. Bxf8 Bxa1 27. Qxa1 Rxf8 28. Qd4 Qd6 29. Qxa7 Qxf4 30. Rd1 Be6 31. Qb6 Re8 32. a5 Qb8 33. Rc1 Qe5 34. Qxb7 e3 35. f4 Qxf4 36. Qc6 Bf7 37. Rc2 e2 38. Rxe2 Rxe2 39. Bxe2 Qd4+ 40. Kf1 Qa1+ 41. Kf2 Qd4+ 42. Ke1 Qa1+ 43. Kf2 Qd4+ 1/2-1/2

[Event "Catalunya-chT"]
[Site "Catalunya"]
[Date "1996.??.??"]
[Round "?"]
[White "Jose Abril, Ramon"]
[Black "Moran Nuque, Augusto"]
[Result "1-0"]
[WhiteElo "2315"]
[BlackElo "2405"]
[PlyCount "57"]
[EventDate "1996.??.??"]
[EventType "team"]
[EventRounds "9"]
[EventCountry "ESP"]
[SourceTitle "EXT 1999"]
[Source "ChessBase"]
[SourceDate "1998.11.16"]
[SourceVersion "1"]
[SourceVersionDate "1998.11.16"]
[SourceQuality "1"]

1. d4 Nf6 2. c4 d6 3. Nc3 Nbd7 4. Nf3 e5 5. Bg5 Be7 6. Qc2 c6 7. 0-0-0 Qa5 8. e3 0-0 9. Bd3 Re8 10. g4 Nf8 11. Bxf6 Bxf6 12. g5 Bd8 13. Rdg1 Be6 14. a3 b5 15. cxb5 Rc8 16. bxc6 Rxc6 17. Kb1 Be7 18. Qa4 Qb6 19. Qb5 Rb8 20. Qxb6 Rcxb6 21. b4 Rc6 22. Kb2 Rbc8 23. Rc1 exd4 24. Nxd4 R6c7 25. f4 Nd7 26. Ncb5 Rxc1 27. Rxc1 Ra8 28. Nxe6 fxe6 29. Rc7 1-0

[Event "Capablanca Memorial-C"]
[Site "Matanzas"]
[Date "1995.??.??"]
[Round "1"]
[White "Moran Nuque, Augusto"]
[Black "Li Torres, Manuel Eugenio"]
[Result "1/2-1/2"]
[WhiteElo "2415"]
[BlackElo "2365"]
[PlyCount "125"]
[EventDate "1995.05.??"]
[EventType "tourn"]
[EventRounds "13"]
[EventCountry "CUB"]
[EventCategory "4"]
[SourceTitle "EXT 1997"]
[Source "ChessBase"]
[SourceDate "1996.11.15"]
[SourceVersion "1"]
[SourceVersionDate "1996.11.15"]
[SourceQuality "1"]

1. d4 g6 2. Nf3 Bg7 3. c4 d6 4. Nc3 Bg4 5. d5 e5 6. Qb3 Bc8 7. e4 Na6 8. Bg5 f6 9. Bh4 g5 10. Bg3 f5 11. exf5 Bxf5 12. Be2 h6 13. Qb5+ Kf7 14. 0-0 Ne7 15. c5 Nxc5 16. Nxe5+ Kg8 17. Nf3 a6 18. Qb4 a5 19. Qc4 Nc8 20. a4 Nb6 21. Qa2 Bf6 22. Rad1 h5 23. h3 Ne4 24. Nd4 Bxd4 25. Rxd4 Qe7 26. Nxe4 Bxe4 27. Bd3 Bxd3 28. Rxd3 Rf8 29. Qb3 Qe4 30. Rfd1 Qxa4 31. Bxd6 cxd6 32. Qxb6 Rh6 33. b3 Qh4 34. Rg3 Rg6 35. Qe3 Qf4 36. Rd4 Qf5 37. Rf3 Qe5 38. Rxf8+ Kxf8 39. Qxe5 dxe5 40. Re4 Rb6 41. Rxe5 Rxb3 42. d6 Rd3 43. Rxa5 g4 44. Rxh5 gxh3 45. Rxh3 Rxd6 46. Rh7 b5 47. Rb7 Rd5 48. g4 Ke8 49. Kg2 Kd8 50. Kf3 Kc8 51. Ra7 b4 52. Ra2 Rd4 53. Kg3 Kd7 54. f3 b3 55. Rb2 Rd3 56. Kf4 Ke6 57. Ke4 Rc3 58. Rh2 Rc4+ 59. Kd3 Rf4 60. Rf2 b2 61. Kc2 Rb4 62. Kb1 Rb3 63. Rxb2 1/2-1/2

[Event "Catalunya-ch"]
[Site "Spain"]
[Date "1994.??.??"]
[Round "?"]
[White "Escobar Torres, Antonio"]
[Black "Moran Nuque, Augusto"]
[Result "0-1"]
[WhiteElo "2150"]
[BlackElo "2415"]
[PlyCount "82"]
[EventDate "1994.??.??"]
[EventType "swiss"]
[EventRounds "11"]
[EventCountry "ESP"]
[SourceTitle "EXT 2003"]
[Source "ChessBase"]
[SourceDate "2002.11.25"]
[SourceVersion "1"]
[SourceVersionDate "2002.11.25"]
[SourceQuality "1"]

1. Nf3 Nf6 2. c4 d6 3. g3 e5 4. Bg2 g6 5. 0-0 Bg7 6. Nc3 0-0 7. d3 Nc6 8. Rb1 a5 9. Bd2 h6 10. a3 Be6 11. b4 axb4 12. axb4 Qd7 13. b5 Ne7 14. Re1 Nh7 15. Qb3 f5 16. Nd5 g5 17. Bc3 Kh8 18. b6 c6 19. Nc7 Rab8 20. Nxe6 Qxe6 21. Ra1 g4 22. Nd2 Ng5 23. Ra7 f4 24. Rea1 f3 25. exf3 gxf3 26. Bh1 Ng6 27. Ne4 Nxe4 28. dxe4 Qh3 29. Bd2 Qg4 30. R1a3 Nh4 31. Qd3 d5 32. cxd5 cxd5 33. exd5 e4 34. Qf1 Rfd8 35. h3 Qg6 36. Bf4 Rbc8 37. Rxb7 Rxd5 38. Raa7 Nf5 39. Rd7 Rxd7 40. Rxd7 Qxb6 41. g4 Nd4 0-1

[Event "Barcelona UGA"]
[Site "Barcelona"]
[Date "1994.??.??"]
[Round "1"]
[White "Gallego Jimenez, Victoriano"]
[Black "Moran Nuque, Augusto"]
[Result "1/2-1/2"]
[WhiteElo "2360"]
[BlackElo "2415"]
[PlyCount "39"]
[EventDate "1994.??.??"]
[EventType "tourn"]
[EventRounds "11"]
[EventCountry "ESP"]
[EventCategory "4"]
[SourceTitle "EXT 1998"]
[Source "ChessBase"]
[SourceDate "1997.11.17"]
[SourceVersion "1"]
[SourceVersionDate "1997.11.17"]
[SourceQuality "1"]

1. d4 e6 2. Nf3 f5 3. g3 Nf6 4. Bg2 d5 5. 0-0 Bd6 6. c4 c6 7. Ne5 0-0 8. Bf4 Qe7 9. Nd2 Nbd7 10. Ndf3 Ne4 11. Qc2 Ndf6 12. c5 Bc7 13. Nd3 Bxf4 14. Nxf4 Bd7 15. Nd3 Be8 16. b4 Ng4 17. Nfe5 Nxe5 18. Nxe5 Ng5 19. Qd2 Nf7 20. Nxf7 1/2-1/2

[Event "Catalunya-ch"]
[Site "Spain"]
[Date "1994.??.??"]
[Round "?"]
[White "Gonzalez Velez, Fermin"]
[Black "Moran Nuque, Augusto"]
[Result "1/2-1/2"]
[WhiteElo "2305"]
[BlackElo "2415"]
[PlyCount "52"]
[EventDate "1994.??.??"]
[EventType "swiss"]
[EventRounds "11"]
[EventCountry "ESP"]
[SourceTitle "EXT 2003"]
[Source "ChessBase"]
[SourceDate "2002.11.25"]
[SourceVersion "1"]
[SourceVersionDate "2002.11.25"]
[SourceQuality "1"]

1. d4 e6 2. c4 f5 3. g3 Nf6 4. Bg2 Bb4+ 5. Bd2 Bxd2+ 6. Qxd2 0-0 7. Nf3 d6 8. 0-0 Qe7 9. Nc3 Nc6 10. d5 Nd8 11. b4 e5 12. Rac1 Nf7 13. Ne1 Bd7 14. Nb5 Rfc8 15. a4 c6 16. Nc3 e4 17. dxc6 bxc6 18. f4 Be6 19. Nd1 d5 20. c5 a5 21. Nc2 axb4 22. Qxb4 Rcb8 23. Qa3 Qa7 24. Nd4 Bd7 25. Nc3 Nd6 26. Nb3 Nc4 1/2-1/2